|
|
|
|
| LEADER |
00000nab a2200000ua 4500 |
| 001 |
vtls010831891 |
| 003 |
SK-MaSNL |
| 005 |
20260225204250.0 |
| 008 |
230222s1957 xo |||||||||||||||||slo| |
| 035 |
|
|
|a (urnnbn)urn:nbn:sk:snk:ar-a06k6r
|
| 035 |
|
|
|a urn:nbn:sk:snk-ab5wo8
|
| 035 |
|
|
|a (uuid)952aaa2c-5c9b-47f8-a894-81b5d18e0048
|
| 040 |
|
|
|a SNKBUCL
|b slo
|c SNKBUCL
|e AACR2
|
| 041 |
0 |
|
|a slo
|
| 044 |
|
|
|a xo
|c SK
|
| 245 |
0 |
0 |
|a Z TERMINOLÓGIE BOTANICKEJ MORFOLÓGIE
|
| 773 |
0 |
|
|t Slovenské odborné názvoslovie
|g Roč. 5, č. 4 (1957), s. 107-113
|
| 954 |
|
|
|a odborná, vedecká literatúra pôvodná (slovenská)
|2 lita
|
| 958 |
|
|
|a OND
|
| 958 |
|
|
|a EUIPO
|
| 958 |
|
|
|a article5
|
| 999 |
|
|
|c 1996913
|d 1998843
|